| 000 | 00426nam a2200157 i 4500 | ||
|---|---|---|---|
| 001 | 33909 | ||
| 003 | ES-MaACL | ||
| 005 | 20230906154836.0 | ||
| 007 | t| | ||
| 008 | 030203s1972 sp ||||1| spa d | ||
| 100 | 1 |
_aBocchetta, Vittore. _929666 |
|
| 245 | 1 | 0 |
_aCircustancialismo del siglo XX / _cVittore Bocchetta. |
| 260 |
_aMadrid : _bGredos, _c[1972] |
||
| 300 |
_a246 p. ; _c21 cm. |
||
| 852 |
_aES-MaACL _jC-43802 _bR.82472 |
||
| 999 |
_c33909 _d33909 |
||